=LDR 00000nam 2200000 4500 =001 INLIS000000000062627 =005 20230901092541 =035 ##$$a 0010-0823000290 =007 ta =008 230901################g##########0#ind## =020 ##$$a 978-602-95701-3-7 =082 ##$$a 658.4052 =084 ##$$a 658.4052 KUN p =100 #$$a Kunjana Rahardi =245 1#$$a Proposal proyek : $b mahir membuat proposal proyek dengan peranti bahasa benar =260 ##$$a Yogyakarta :$b Interprebook,$c 2010 =300 ##$$a 354 halaman ; $c 21 cm =500 ##$$a Biografi: halaman 349-354 =650 #4$$a negosiasi =700 #$$a M. Hum =700 #$$a Editor, Agnes Chintami =990 ##$$a 5202300821